000 00496nam a2200181Ia 4500
003 GCL
008 140319s9999 xx 000 0 eng d
040 _aGCL /
_cGCL
082 0 4 _a070.572
_bC M
100 1 _aBAIRD, RUSSELL N
245 1 0 _aMAGAZINE EDITING AND PRODUCTION /
_cBAIRD, RUSSELL N
700 1 _aCLICK, JWILLUAN
260 _a[S.N] :
_bBROWN AND BENCHMANK PUBBISERS ،
_c1994
300 _a325
650 0 4 _aJOURNALISM - EDITING
650 0 4 _aMAGAZINE DESIGN
942 _2ddc
_cBK
999 _c13954
_d13954